| 000 | 01385nam a22002177a 4500 | ||
|---|---|---|---|
| 999 |
_c59221 _d59221 |
||
| 003 | Ge_BSU | ||
| 005 | 20221215124733.0 | ||
| 008 | 221215s1949ge xxu||||| |||| 00| 0 geo d | ||
| 041 | _ageo | ||
| 080 | _a821.353.1:821.353.1-11 ყ-18 | ||
| 100 |
_aყაზბეგი, ალექსანდრე, 1848-1893. _916432 |
||
| 245 |
_aთხზულებათა სრული კრებული ოთხ ტომად : _bთხზულებანი : ტ.3 / _cალექსანდრე ყაზბეგი, სარედ.კოლ. ალექსანდრე აბაშელი, ალექსანდრე გომიაშვილი, და სხვ. |
||
| 264 |
_aთბილისი : _bსაბჭოთა მწერალი, _c1949. |
||
| 300 |
_a663 გვ; _b1ფ.პორტ. _c20 სმ. |
||
| 440 |
_aქართული კლასიკური მწერლობა _916433 |
||
| 501 | _aალ.ყაზბეგის ლექსიკონი გვ:646-663 | ||
| 653 | _aლექსები და პოემები | ||
| 700 |
_aაბაშელი, ალექსანდრე _eსარედაქციო კოლეგია _93648 |
||
| 700 |
_aგომიაშვილი, ალექსანდრე _eსარედაქციო კოლეგია _96494 |
||
| 942 |
_2udc _cBK |
||